Opportunities : (Record no. 467)
[ view plain ]
| 000 -LEADER | |
|---|---|
| fixed length control field | nam a22 a 4500 |
| 005 - DATE AND TIME OF LATEST TRANSACTION | |
| control field | 20170504092049.0 |
| 008 - FIXED-LENGTH DATA ELEMENTS--GENERAL INFORMATION | |
| fixed length control field | 170504b1978 -us||||| |||| 00| 0 eng d |
| 020 ## - INTERNATIONAL STANDARD BOOK NUMBER | |
| International Standard Book Number | 0140222332 (pbk) |
| 040 ## - CATALOGING SOURCE | |
| Original cataloging agency | AKMAL |
| 082 ## - DEWEY DECIMAL CLASSIFICATION NUMBER | |
| Classification number | 153.42 BON |
| 090 ## - LOCALLY ASSIGNED LC-TYPE CALL NUMBER (OCLC); LOCAL CALL NUMBER (RLIN) | |
| Classification number (OCLC) (R) ; Classification number, CALL (RLIN) (NR) | 153.42 |
| Local cutter number (OCLC) ; Book number/undivided call number, CALL (RLIN) | BON |
| 100 1# - MAIN ENTRY--PERSONAL NAME | |
| Personal name | De Bono, Edward, |
| Dates associated with a name | 1933- |
| 9 (RLIN) | 1066 |
| 245 10 - TITLE STATEMENT | |
| Title | Opportunities : |
| Remainder of title | a handbook of business opportunity search / |
| Statement of responsibility, etc. | Edward de Bono |
| 260 ## - PUBLICATION, DISTRIBUTION, ETC. | |
| Place of publication, distribution, etc. | Harmondsworth : |
| Name of publisher, distributor, etc. | Penguin, |c 1983, |
| Date of publication, distribution, etc. | 1983, c1978 |
| 300 ## - PHYSICAL DESCRIPTION | |
| Extent | 251p. : |
| Other physical details | ill. ; |
| Dimensions | 18cm |
| 490 0# - SERIES STATEMENT | |
| Series statement | Pelican books |
| 500 ## - GENERAL NOTE | |
| General note | Originally published: London : Associated Business Programme, 1978 |
| 942 ## - ADDED ENTRY ELEMENTS (KOHA) | |
| Source of classification or shelving scheme | |
| Koha item type | Book |
| Withdrawn status | Lost status | Source of classification or shelving scheme | Damaged status | Not for loan | Collection code | Home library | Current library | Shelving location | Date acquired | Inventory number | Total Checkouts | Full call number | Barcode | Date last seen | Price effective from | Koha item type |
|---|---|---|---|---|---|---|---|---|---|---|---|---|---|---|---|---|
| NON-FICTION | AKMAL Melaka | AKMAL Melaka | PINJAMAN | 04.05.2017 | 100106 | 153.42 BON | 201701353 | 04.05.2017 | 04.05.2017 | Book |
